[Event "Hillerod CC 1617 B"]
[Site "Hillerod"]
[Date "2016.12.27"]
[Round "2"]
[White "Sorensen, Bernhard"]
[Black "Sorensen, Viggo"]
[Result "1-0"]
[WhiteElo "1679"]
[BlackElo "1718"]
[PlyCount "77"]
[EventDate "2016.12.13"]
[EventType "tourn"]
[EventRounds "9"]
[EventCountry "DEN"]
[SourceTitle "EXT 2023"]
[Source "ChessBase"]
[SourceDate "2022.10.05"]
[SourceVersion "1"]
[SourceVersionDate "2022.10.05"]
[SourceQuality "1"]

1. d4 e6 2. Bf4 Nf6 3. e3 Be7 4. Bd3 0-0 5. c3 c5 6. Nd2 Nc6 7. Ngf3 Nh5 8. Bg3 f5 9. Ne5 Nxg3 10. hxg3 Qe8 11. g4 cxd4 12. exd4 d6 13. Nec4 e5 14. Qb3 Kh8 15. d5 e4 16. Nxe4 fxe4 17. Bxe4 Nd8 18. Rxh7+ Kg8 19. Ne3 Bg5 20. Qc2 Bxe3 21. fxe3 Bxg4 22. Rh4 Qb5 23. Bh7+ Kf7 24. Rxg4 Qxd5 25. Qg6+ Ke7 26. Qxg7+ Rf7 27. Qg6 Qb5 28. 0-0-0 Qd7 29. Re4+ Ne6 30. Bg8 Rxg8 31. Qxg8 Qc6 32. Qg4 Qd7 33. Qg5+ Kf8 34. Qh6+ Ke7 35. g4 Rf6 36. Qh4 Kf7 37. Qh7+ Ng7 38. g5 Qf5 39. Qh4 1-0

[Event "Hillerod op"]
[Site "Hillerod"]
[Date "2014.??.??"]
[Round "6"]
[White "Pedersen, Jan2222"]
[Black "Sorensen, Viggo"]
[Result "0-1"]
[WhiteElo "1542"]
[BlackElo "1630"]
[PlyCount "106"]
[EventDate "2014.08.26"]
[EventType "swiss"]
[EventRounds "7"]
[EventCountry "DEN"]
[SourceTitle "EXT 2024"]
[Source "ChessBase"]
[SourceDate "2023.10.10"]
[SourceVersion "1"]
[SourceVersionDate "2023.10.10"]
[SourceQuality "1"]

1. d4 d5 2. c4 dxc4 3. e3 Nf6 4. Bxc4 e6 5. Nf3 c5 6. 0-0 a6 7. dxc5 Qxd1 8. Rxd1 Bxc5 9. b3 b5 10. Be2 0-0 11. Ba3 Bxa3 12. Nxa3 Bb7 13. Rd2 Nc6 14. Nc2 Nd5 15. Ncd4 Nxd4 16. Rxd4 Rac8 17. Rad1 Nc3 18. R1d2 Nxe2+ 19. Rxe2 Rc1+ 20. Re1 Rc2 21. Rd2 Rfc8 22. Ree2 Rxd2 23. Nxd2 Rc2 24. Kf1 Rc1+ 25. Re1 Bxg2+ 26. Ke2 Rc2 27. Rd1 Rxa2 28. f3 Bh3 29. Kf2 e5 30. Kg3 Be6 31. Ne4 f6 32. Nc5 Bf5 33. e4 Bg6 34. Rd6 a5 35. Rd8+ Kf7 36. Rb8 b4 37. Ra8 Ra3 38. Nb7 Rxb3 39. Rxa5 Bxe4 40. Nd6+ Kg6 41. Nxe4 Kf5 42. Rb5 h5 43. Rb6 Rb2 44. h4 Rb1 45. Nd6+ Kg6 46. Nc4 Kf5 47. Ne3+ Kg6 48. Nc2 b3 49. Ne3 b2 50. Nc4 Rg1+ 51. Kh2 b1Q 52. Rxb1 Rxb1 53. Ne3 Rb3 0-1

[Event "Hillerod op"]
[Site "Hillerod"]
[Date "2014.??.??"]
[Round "3"]
[White "Sorensen, Viggo"]
[Black "Sorensen, Bernhard"]
[Result "0-1"]
[WhiteElo "1630"]
[BlackElo "1667"]
[PlyCount "58"]
[EventDate "2014.08.26"]
[EventType "swiss"]
[EventRounds "7"]
[EventCountry "DEN"]
[SourceTitle "EXT 2024"]
[Source "ChessBase"]
[SourceDate "2023.10.10"]
[SourceVersion "1"]
[SourceVersionDate "2023.10.10"]
[SourceQuality "1"]

1. e4 e6 2. d4 d5 3. Nc3 Nf6 4. e5 Nfd7 5. f4 c5 6. dxc5 Bxc5 7. Qg4 g6 8. Bd3 Nc6 9. a3 a6 10. Nf3 b5 11. Qh3 h6 12. Ng5 Nd4 13. Ne2 Nb8 14. Nxd4 Bxd4 15. Nf3 Bc5 16. Bd2 Nc6 17. 0-0-0 Qb6 18. Ne1 a5 19. c3 b4 20. a4 bxc3 21. Bxc3 d4 22. Bd2 Rb8 23. Bb5 Bd7 24. Nd3 Nb4 25. Bxd7+ Kxd7 26. Nxb4 Bxb4 27. Bxb4 Qxb4 28. Qa3 Rhc8+ 29. Kb1 Qxa3 0-1

[Event "Nordea Cup-D"]
[Site "Hillerod"]
[Date "2013.06.04"]
[Round "6"]
[White "Sorensen, Viggo"]
[Black "Hein, Jacob"]
[Result "1-0"]
[WhiteElo "1486"]
[BlackElo "1459"]
[PlyCount "39"]
[EventDate "2013.04.30"]
[EventType "tourn"]
[EventRounds "7"]
[EventCountry "DEN"]
[SourceTitle "EXT 2023"]
[Source "ChessBase"]
[SourceDate "2022.10.05"]
[SourceVersion "1"]
[SourceVersionDate "2022.10.05"]
[SourceQuality "1"]

1. e4 d6 2. d4 Nf6 3. Nc3 c6 4. Nf3 Bg4 5. Be2 Nbd7 6. 0-0 Bh5 7. Re1 h6 8. e5 dxe5 9. dxe5 Ng4 10. e6 fxe6 11. Nd4 Qc7 12. Bxg4 Bxg4 13. Qxg4 Nf6 14. Qg6+ Kd7 15. Nxe6 Qa5 16. Bf4 Re8 17. Rad1+ Nd5 18. Nxd5 cxd5 19. Re5 Qxa2 20. Nc5+ 1-0

[Event "Nordea Cup-D"]
[Site "Hillerod"]
[Date "2013.05.14"]
[Round "3"]
[White "Sorensen, Viggo"]
[Black "Sorensen, Bernhard"]
[Result "1-0"]
[WhiteElo "1486"]
[BlackElo "1429"]
[PlyCount "73"]
[EventDate "2013.04.30"]
[EventType "tourn"]
[EventRounds "7"]
[EventCountry "DEN"]
[SourceTitle "EXT 2023"]
[Source "ChessBase"]
[SourceDate "2022.10.05"]
[SourceVersion "1"]
[SourceVersionDate "2022.10.05"]
[SourceQuality "1"]

1. e4 e6 2. d4 d5 3. Nc3 Bb4 4. e5 a6 5. Bd2 Ne7 6. a3 Ba5 7. Nf3 Nbc6 8. Bd3 h6 9. b4 Bb6 10. Ne2 0-0 11. 0-0 f6 12. c4 fxe5 13. dxe5 Nf5 14. cxd5 Qxd5 15. Bc3 Nce7 16. Nf4 Qc6 17. Rc1 Qe8 18. Bd2 Nd5 19. Nxd5 exd5 20. Qc2 Nd4 21. Nxd4 Bxd4 22. Qxc7 Bxe5 23. Qc5 Qh5 24. Qxd5+ Kh8 25. g3 Bg4 26. Qe4 Rf5 27. f4 Bb2 28. Rc5 Re8 29. Rxf5 Bxf5 30. Qxf5 Qxf5 31. Bxf5 Bxa3 32. Bg6 Rd8 33. Bc3 Rc8 34. Rf3 Bc1 35. Rd3 Rf8 36. Rd7 Be3+ 37. Kg2 1-0

[Event "Nordea Cup-D"]
[Site "Hillerod"]
[Date "2013.04.30"]
[Round "1"]
[White "Sorensen, Viggo"]
[Black "Jorgensen, Orla Eilegaard"]
[Result "1/2-1/2"]
[WhiteElo "1486"]
[BlackElo "1486"]
[PlyCount "73"]
[EventDate "2013.04.30"]
[EventType "tourn"]
[EventRounds "7"]
[EventCountry "DEN"]
[SourceTitle "EXT 2023"]
[Source "ChessBase"]
[SourceDate "2022.10.05"]
[SourceVersion "1"]
[SourceVersionDate "2022.10.05"]
[SourceQuality "1"]

1. e4 c5 2. Nf3 d6 3. d4 cxd4 4. Nxd4 Nf6 5. Nc3 Nc6 6. Bg5 Bg4 7. f3 Bh5 8. Bb5 Rc8 9. 0-0 a6 10. Ba4 b5 11. Bxf6 gxf6 12. Ncxb5 axb5 13. Bxb5 Qb6 14. Kh1 Bg7 15. Bxc6+ Rxc6 16. Nxc6 Qxc6 17. Qd3 0-0 18. Rad1 f5 19. exf5 Bxb2 20. Rb1 Bg7 21. Rb4 f6 22. Rfb1 Bf7 23. a4 Rc8 24. R1b2 Qc5 25. Qe4 Bf8 26. h3 h5 27. Rb5 Qc3 28. a5 Rc4 29. Qe2 Ra4 30. Rb8 Kg7 31. Qf2 Ra1+ 32. Kh2 Qe5+ 33. f4 Qxf5 34. R8b5 e5 35. Qg3+ Bg6 36. fxe5 fxe5 37. Qf3 1/2-1/2